01270namaa2200157 aa4500008004100000020001800041041000800059100001600067245004100083250001200124260003800136300002000174500008300194505082000277655001501097221014s2022 ag ||||gr|||| 000 f spa d a9789877252460 aspa1 aGreen, John aBajo la misma estrella /cJohn Green a5a ed.  aBuenos Aires:bdebolsillo;c2022. a304 p.b19x13cm aGreen, J. (2022). Bajo la misma estrella. (5a ed.). Buenos Aires : debolsillo. aAmar a alguien y saberse vivo puede ser la más exquisita, inesperada y trágica aventura. A Hazel y a Gus les gustaría tener vidas comunes. Algunos dirán que no han nacido con estrella, que su mundo es injusto. Hazel y Gus son solo adolescentes, pero si algo les ha enseñado el cáncer que ambos padecen es que no hay tiempo para lamentarse, porque, nos guste o no, solo existe el hoy y el ahora. Y por ello, con la intención de hacer realidad el mayor deseo de Hazel -conocer a su escritor favorito-, cruzaran juntos el Atlántico para vivir una aventura contrarreloj, tan catártica como desgarradora. Destino: Amsterdam, el lugar donde reside el enigmático y malhumorado escritor, la única persona que tal vez pueda ayudarlos a ordenar las piezas del enorme rompecabezas del que forman parte... aLiteratura